000 00464nam a2200181Ia 4500
001 14042
005 20260306164845.0
008 260306t2015||||xx |||||||||||||| ||spa||
041 _aESP
082 _a006.3
_bH31 V. 3
100 _aHeaton, Jeff
_eAUT
245 0 _aAtificial intelligence for humans:
_bdeep learning and neural networks
260 _c2015
300 _a333 páginas :
_c23 cm.
650 _aGEN
654 _aCCC
942 _cLIB
_dJUS
_fJUS
_2ddc
_n
999 _c14042
_d14042